000 00524nam a2200181Ia 4500
001 57839
008 140814n2014 ii |||gr||||Z||||||465
082 _a530
100 _aArora, SL.,
_eAuthor.,
245 0 _aNew Simplified Physics, Vol-I :
_bA Reference Book for Class XII /
_cS L Arora .
_hTextual Documents
250 _a6th ed.
260 _aNew Delhi
_bDhanpat Rai Pub (P) Ltd
_c2014
300 _billust.;
_c26cm.
653 _aPhysics
653 _aG-Physics
653 _aPhysics-Higher Secondary
942 _2ddc
_cBK
999 _c57743
_d57743